Music Quiz

Random Music or Numbers Quiz

'W' UK #1S Quiz Stats

 Plays Quiz not verified by Sporcle

Challenge
Share
Tweet
Embed
Score 0/82 Timer 14:00
0 Plays Today
Artistes Title % Correct
Spice Girls Wannabe
95.5%
The Kalin TwinsWhen
86.4%
USA For AfricaWe Are The World
86.4%
AbbaWaterloo
84.1%
Wham!Wake Me Up Before You Go Go
84.1%
Louis ArmstrongWhat A Wonderful World - Cabaret
81.8%
John LennonWoman
81.8%
Black Eyed PeasWhere Is The Love?
81.8%
Eva Cassidy & Katie MeluaWhat A Wonderful World
81.8%
NilssonWithout You
79.5%
Mariah CareyWithout You
79.5%
Procul HarumA Whiter Shade Of Pale
77.3%
Kate BushWuthering Heights
77.3%
Pet Shop BoysWest End Girls
77.3%
Joe CockerWith A Little Help From My Friends
75%
Wet Wet Wet/Billy BraggWith A Little Help From My Friends - She's Leaving Home
75%
Sam & MarkWith A Little Help From My Friends - Measure Of A Man
75%
Frankie LaineA Woman In Love
68.2%
Barbara StreisandWoman In Love
68.2%
Five / Queen We Will Rock You
68.2%
The PoliceWalking On The Moon
63.6%
AbbaThe Winner Takes It All
63.6%
My Chemical RomanceWelcome To The Black Parade
61.4%
EminemWithout Me
59.1%
Ja Rule feat. R Kelly & AshantiWonderful
59.1%
Paul YoungWherever I Lay My Hat (That's My Home)
56.8%
MadonnaWho's That Girl
56.8%
Dr HookWhen You're In Love With A Beautiful Woman
54.5%
Artistes Title % Correct
Sugababes vs Girls AloudWalk This Way
54.5%
Anthony NewleyWhy
52.3%
Charles & Eddie Would I Lie To You?
52.3%
David Guetta feat. Kelly RowlandWhen Love Takes Over
52.3%
Ke$haWe R Who We R
52.3%
Cliff RichardWe Don't Talk Anymore
50%
EnglandneworderWorld In Motion
50%
The VengaboysWe're Going To Ibiza!
50%
Rihanna feat. DrakeWhat's My Name
50%
Elvis PresleyThe Wonder Of You
47.7%
The Three DegreesWhen Will I See You Again
47.7%
Leo Sayer When I Need You
47.7%
Ronan KeatingWhen You Say Nothing At All
47.7%
Timbaland feat. Keri Hilson & DOEThe Way I Are
47.7%
Yolanda Be Cool vs D CupWe No Speak Americano
47.7%
Frankie Lymon & The TeenagersWhy Do Fools Fall In Love
45.5%
Peter SarstedtWhere Do You Go To My Lovely
45.5%
Elvis PresleyWay Down
45.5%
The Detroit SpinnersWorking My Way Back To You
45.5%
Billy OceanWhen The Going Gets Tough, The Tough Get Going
45.5%
Spice GirlsWho Do You Think You Are - Mama
45.5%
Atomic Kitten Whole Again
45.5%
Matt CardleWhen We Collide
45.5%
BoyzoneWhen The Going Gets Tough
45.5%
Elvis PresleyWooden Heart
43.2%
Emma BuntonWhat Took You So Long
43.2%
Robyn with KleerupWith Every Heartbeat
43.2%
Lee MarvinWand'rin' Star
40.9%
Artistes Title % Correct
Matthews's Southern ComfortWoodstock
40.9%
Helen ShapiroWalkin' Back To Happiness
38.6%
Windsor Davies & Don EstelleWhispering Grass
38.6%
Johnny MathisWhen A Child Is Born
38.6%
Johnny LoganWhat's Another Year
38.6%
WestlifeWorld Of Our Own
38.6%
Arctic MonkeysWhen The Sun Goes Down
38.6%
Leon JacksonWhen You Believe
38.6%
Peter & GordonWorld Without Love
36.4%
BoyzoneWords
36.4%
Peters & LeeWelcome Home
34.1%
BustedWho's David?
34.1%
Tinie TempahWritten In The Stars
34.1%
The ShadowsWonderful Land
31.8%
Robson & JeromeWhat Becomes Of The Broken Hearted - Saturday Night At The Movies - You'll Never Walk Alone
31.8%
Doris DayWhatever Will Be Will Be
29.5%
Hear'SayThe Way To Your Love
29.5%
Connie FrancisWho's Sorry Now
27.3%
Adam FaithWhat Do You Want
27.3%
Emile Ford & The CheckmatesWhat Do You Want To Make Those Eyes At Me For
27.3%
Eden KaneWell I Ask You
27.3%
The TroggsWith A Girl Like You
27.3%
Jackie TrentWhere Are You Now (My Love)
25%
The Everly BrothersWalk Right Back - Ebony Eyes
22.7%
Frank Ifield Wayward Wind
22.7%
Marvin RainwaterWhole Lotta Woman
13.6%

You're not logged in!

Compare scores with friends on all Sporcle quizzes.
Join for Free
OR
Log In

You Might Also Like...

Show Comments

Extras

Top Quizzes Today


Score Distribution

Your Account Isn't Verified!

In order to create a playlist on Sporcle, you need to verify the email address you used during registration. Go to your Sporcle Settings to finish the process.

Report this User

Report this user for behavior that violates our Community Guidelines.

Details: